An introduction to the embryology of angiosperms /

Guardado en:
Autor Principal: Maheshwari, P. 1904-1966.
Formato: Libro
Idioma:English
Publicado: New York : McGraw-Hill, 1950.
Edición:1st ed.
Series:McGraw-Hill publications in the botanical sciences
Materias:
Acceso en línea:Acceso a texto completo
Etiquetas: Agregar Etiqueta
Sin Etiquetas, Sea el primero en etiquetar este registro!
LEADER 00903nam a22002415a 4500
001 EEA.libagro001139
008 130809s1950####nyua#####b####000#0#eng#d
005 20200210092249.0
245 1 0 |a An introduction to the embryology of angiosperms /  |c P. Maheshwari. 
250 |a 1st ed. 
260 |a New York :  |b McGraw-Hill,  |c 1950. 
300 |a x, 453 p. :  |b il. ;  |c 24 cm. 
490 1 |a McGraw-Hill publications in the botanical sciences 
504 |a Incluye bibliografías. 
530 |a Disponible también en línea. 
100 1 |a Maheshwari, P.  |q (Panchanan),  |d 1904-1966. 
082 0 4 |a 582.130433 
650 7 |a Angiospermas  |2 agrovoc 
650 7 |a Plantas  |x Embriología  |2 agrovoc 
650 7 |a Botánica  |2 agrovoc 
650 7 |a Biología  |2 agrovoc 
856 |3 Acceso a texto completo  |u https://www.biodiversitylibrary.org/bibliography/5681#/summary 
859 |a AR-BbBCA  |b BIB. AGRONOMIA  |h 582.130433  |i M214  |p 1962/0120